Determinacion de la demanda de transporte de pasajeros en el corredor Alajuela- San Jose para una posible implementacion de trolebuses

Zapisane w:
Opis bibliograficzny
1. autor: Salas Camacho, Rafael Angel
Format: Praca dyplomowa Książka
Język:Undetermined
Wydane: 1985
Hasła przedmiotowe:
> > > > TRANSPORTE
Etykiety: Dodaj etykietę
Nie ma etykietki, Dołącz pierwszą etykiete!

MARC

LEADER 00000nam a2200000Ia 4500
001 2685
008 140114s9999 xx 000 0 und d
100 |a Salas Camacho, Rafael Angel 
245 |a Determinacion de la demanda de transporte de pasajeros en el corredor Alajuela- San Jose para una posible implementacion de trolebuses 
260 |c 1985 
500 |a NULL 
502 |a Escuela de ingenieria Civil 
650 |z TRANSPORTE 
999 |c 11622  |d 11622